Normal view
MARC view
Entry Personal Name
001 - CONTROL NUMBER
- control field: 6842
003 - CONTROL NUMBER IDENTIFIER
- control field: HDC
005 - DATE AND TIME OF LATEST TRANSACTION
- control field: 20230624073237.0
008 - FIXED-LENGTH DATA ELEMENTS
- fixed length control field: 210123|| aca||aabn | a|a d
040 ## - CATALOGING SOURCE
- Original cataloging agency: HDC
- Transcribing agency: HDC
100 ## - HEADING--PERSONAL NAME
- Personal name: Agalloco, James
670 ## - SOURCE DATA FOUND
- Source citation: Work cat.: (HDC): Agalloco, James author, Validation of active pharmaceutical ingredients, 2010
